000
00475nam a2200145Ia 4500
008
100122s9999 xx 000 0 und d
082
_b
53550
_a
910.4
100
_a
घाणेकर प्र के
245
_a
कोकणातील पर्यटन
260
_b
स्नेहल प्रकाशन
_c
1997
300
_a
223
630
_a
कोकणातील पर्यटन
730
_a
कोकणातील पर्यटन
942
_c
BOOK
999
_c
430557
_d
430554